| Tag |
First Indicator |
Second Indicator |
Subfields |
| LEADER |
00000cam a2200000 a 4500 |
| 001 |
in00000015179 |
| 005 |
20151007053009.0 |
| 008 |
870410s1988 ncua b s00110 eng |
| 010 |
|
|
|a 87010022
|
| 020 |
|
|
|z 0807817600 (alk. paper)
|
| 020 |
|
|
|a 0807842028 (pbk. : alk. paper)
|
| 035 |
|
|
|a (OCoLC)15792490
|
| 035 |
|
|
|9 AAA9990AM
|
| 040 |
|
|
|a DLC
|c DLC
|d TXA
|d UtOrBLW
|
| 043 |
|
|
|a e-uk---
|a n-us---
|a a-ja---
|
| 049 |
|
|
|a TXAM
|c [A11467783]
|
| 050 |
0 |
0 |
|a HC255
|b .B59 1988
|
| 082 |
0 |
|
|a 338.09
|2 19
|
| 100 |
1 |
|
|a Blackford, Mansel G.,
|d 1944-
|
| 245 |
1 |
4 |
|a The rise of modern business in Great Britain, the United States, and Japan /
|c by Mansel G. Blackford.
|
| 264 |
|
1 |
|a Chapel Hill :
|b University of North Carolina Press,
|c [1988]
|
| 264 |
|
4 |
|c ©1988
|
| 300 |
|
|
|a xi, 176 pages :
|b illustrations ;
|c 24 cm.
|
| 336 |
|
|
|a text
|b txt
|2 rdacontent
|
| 337 |
|
|
|a unmediated
|b n
|2 rdamedia
|
| 338 |
|
|
|a volume
|b nc
|2 rdacarrier
|
| 504 |
|
|
|a Includes bibliographies and index.
|
| 650 |
|
0 |
|a Industries
|z Great Britain
|x History.
|
| 650 |
|
0 |
|a Industries
|z United States
|x History.
|
| 650 |
|
0 |
|a Industries
|z Japan
|x History.
|
| 999 |
|
|
|a MARS
|
| 999 |
f |
f |
|s b1d41dee-a224-3c45-9295-991b3e3dfa5d
|i 7111f3be-553b-39b7-b203-115650ef4486
|t 0
|
| 952 |
f |
f |
|p ric
|a Texas A&M University
|b Rellis Campus
|c Joint Library Facility
|d Remote Storage
|t 0
|e HC255 .B59 1988
|h Library of Congress classification
|i unmediated -- volume
|m A14811467783
|
| 998 |
f |
f |
|a HC255 .B59 1988
|t 0
|l Remote Storage
|